000 00548nam a22001697a 4500
003 NUST
038 _aNusrat Nadeem
082 _a200
100 _aAsim, Muhammad
_9119956
245 _aCattle Farming Activity Monitoring Using Advance Deep learning Approach/
_cMuhammad Asim,
264 _aIslamabad;
_bSEECS NUST;
_c2024.
300 _a67,p;
_bill;
_c30,cm.
650 _aMS-Information Technology
_926924
700 _aSupervisor: Dr Shehzad Younis
_9124946
856 _uhttp://10.250.8.41:8080/xmlui/handle/123456789/45036
942 _2ddc
_cSC
999 _c610710
_d610710